|
|
|
|
| LEADER |
00000cam a22000004a 4500 |
| 001 |
musev2_28495 |
| 003 |
MdBmJHUP |
| 005 |
20230905043022.0 |
| 006 |
m o d |
| 007 |
cr||||||||nn|n |
| 008 |
140127s2014 vau o 00 0 eng d |
| 010 |
|
|
|z 2013018146
|
| 020 |
|
|
|a 9780813935379
|
| 020 |
|
|
|z 9780813935089
|
| 035 |
|
|
|a (OCoLC)869345632
|
| 040 |
|
|
|a MdBmJHUP
|c MdBmJHUP
|
| 100 |
1 |
|
|a Nilsen, Micheline,
|e author.
|
| 245 |
1 |
4 |
|a The Working Man's Green Space :
|b Allotment Gardens in England, France, and Germany, 1870-1919 /
|c Micheline Nilsen.
|
| 250 |
|
|
|a 1st ed.
|
| 264 |
|
1 |
|a Charlottesville :
|b University of Virginia Press,
|c 2014.
|
| 264 |
|
3 |
|a Baltimore, Md. :
|b Project MUSE,
|c 2014
|
| 264 |
|
4 |
|c ©2014.
|
| 300 |
|
|
|a 1 online resource (248 pages).
|
| 336 |
|
|
|a text
|b txt
|2 rdacontent
|
| 337 |
|
|
|a computer
|b c
|2 rdamedia
|
| 338 |
|
|
|a online resource
|b cr
|2 rdacarrier
|
| 490 |
0 |
|
|a ACLS Humanites E-book
|
| 505 |
0 |
|
|a Definitions and commonalities -- Allotments in England -- Kleingarten in Germany -- Jardins ouvriers in France -- Is there an aesthetics of allotments? -- Allotments and the design professions.
|
| 588 |
|
|
|a Description based on print version record.
|
| 650 |
|
7 |
|a Landscape design.
|2 fast
|0 (OCoLC)fst00991884
|
| 650 |
|
7 |
|a Allotment gardens.
|2 fast
|0 (OCoLC)fst00805693
|
| 650 |
|
7 |
|a ARCHITECTURE
|x Landscape.
|2 bisacsh
|
| 650 |
|
7 |
|a SCIENCE
|x Life Sciences
|x Horticulture.
|2 bisacsh
|
| 650 |
|
7 |
|a GARDENING
|x Vegetables.
|2 bisacsh
|
| 650 |
|
7 |
|a GARDENING
|x Reference.
|2 bisacsh
|
| 650 |
|
7 |
|a GARDENING
|x Essays.
|2 bisacsh
|
| 650 |
|
6 |
|a Amenagement paysager
|z Allemagne
|x Histoire
|y 20e siecle.
|
| 650 |
|
6 |
|a Amenagement paysager
|z Allemagne
|x Histoire
|y 19e siecle.
|
| 650 |
|
6 |
|a Amenagement paysager
|z France
|x Histoire
|y 20e siecle.
|
| 650 |
|
6 |
|a Amenagement paysager
|z France
|x Histoire
|y 19e siecle.
|
| 650 |
|
6 |
|a Amenagement paysager
|z Angleterre
|x Histoire
|y 20e siecle.
|
| 650 |
|
6 |
|a Amenagement paysager
|z Angleterre
|x Histoire
|y 19e siecle.
|
| 650 |
|
6 |
|a Jardins familiaux
|z Allemagne
|x Histoire
|y 20e siecle.
|
| 650 |
|
6 |
|a Jardins familiaux
|z Allemagne
|x Histoire
|y 19e siecle.
|
| 650 |
|
6 |
|a Jardins familiaux
|z France
|x Histoire
|y 20e siecle.
|
| 650 |
|
6 |
|a Jardins familiaux
|z France
|x Histoire
|y 19e siecle.
|
| 650 |
|
6 |
|a Jardins familiaux
|z Angleterre
|x Histoire
|y 20e siecle.
|
| 650 |
|
6 |
|a Jardins familiaux
|z Angleterre
|x Histoire
|y 19e siecle.
|
| 650 |
|
0 |
|a Landscape design
|z Germany
|x History
|y 20th century.
|
| 650 |
|
0 |
|a Landscape design
|z Germany
|x History
|y 19th century.
|
| 650 |
|
0 |
|a Landscape design
|z France
|x History
|y 20th century.
|
| 650 |
|
0 |
|a Landscape design
|z France
|x History
|y 19th century.
|
| 650 |
|
0 |
|a Landscape design
|z England
|x History
|y 20th century.
|
| 650 |
|
0 |
|a Landscape design
|z England
|x History
|y 19th century.
|
| 650 |
|
0 |
|a Allotment gardens
|z Germany
|x History
|y 20th century.
|
| 650 |
|
0 |
|a Allotment gardens
|z Germany
|x History
|y 19th century.
|
| 650 |
|
0 |
|a Allotment gardens
|z France
|x History
|y 20th century.
|
| 650 |
|
0 |
|a Allotment gardens
|z France
|x History
|y 19th century.
|
| 650 |
|
0 |
|a Allotment gardens
|z England
|x History
|y 20th century.
|
| 650 |
|
0 |
|a Allotment gardens
|z England
|x History
|y 19th century.
|
| 651 |
|
7 |
|a Germany.
|2 fast
|0 (OCoLC)fst01210272
|
| 651 |
|
7 |
|a France.
|2 fast
|0 (OCoLC)fst01204289
|
| 651 |
|
7 |
|a England.
|2 fast
|0 (OCoLC)fst01219920
|
| 655 |
|
7 |
|a History.
|2 fast
|0 (OCoLC)fst01411628
|
| 655 |
|
7 |
|a Electronic books.
|2 local
|
| 710 |
2 |
|
|a Project Muse.
|e distributor
|
| 830 |
|
0 |
|a Book collections on Project MUSE.
|
| 856 |
4 |
0 |
|z Texto completo
|u https://projectmuse.uam.elogim.com/book/28495/
|
| 945 |
|
|
|a Project MUSE - Custom Collection
|
| 945 |
|
|
|a Project MUSE - 2014 History
|
| 945 |
|
|
|a Project MUSE - 2014 Complete
|